Quality in education : an implementation handbook

Αποθηκεύτηκε σε:
Λεπτομέρειες βιβλιογραφικής εγγραφής
Κύριος συγγραφέας: Arcaro, Jerome S.
Μορφή: Βιβλίο
Γλώσσα:English
Δημοσίευση: Delray Beach : St.Lucie Press, 1995
Θέματα:
Ετικέτες: Προσθήκη ετικέτας
Δεν υπάρχουν, Καταχωρήστε ετικέτα πρώτοι!

MARC

LEADER 00000nam a2200000 i 4500
001 1/97031
008 991216s1995 eng d
020 |a 1-884015-58-1 
035 |l 10055983 
040 |a GR-MY-UA  |b gre  |e aacr 
041 0 |a eng 
082 0 |a 371.00973 
100 1 |a Arcaro, Jerome S. 
245 1 0 |a Quality in education :  |b an implementation handbook /  |c Jerome S. Arcaro 
260 |a Delray Beach :   |b St.Lucie Press,   |c 1995 
300 |a 172 p. 
650 0 0 |a School management and organization  |z United States  |x Handbooks, manuals, etc. 
650 0 0 |a Total quality management  |z United States  |x Handbooks, manuals, etc. 
650 0 0 |a School improvement programs  |z United States  |x Handbooks, manuals, etc. 
852 |a INST  |b RHODES  |e 19991216  |h 371.00973 ARC  |p 005400012091  |q 005400012091  |t BK  |y 0 
901 |a BIBL4-2000-1 
909 |a Ρ  |b 068538 
922 |a 4ΕΛΗ  |b 199909  |c ΚΠΣ/154  |d GLORY BOOKS 
970 |a ΚΟΥΛΑΚΙΟΤΗ  |b ΛΙΤΣΑ  |z 2000/01/14